Judge me not

Bibliographic Details
Main Author: Foong, Priscilla
Format: Book
Published: Selangor : Penerbit Mega Setia Emas , 2003
Series:Teen world short stories
Subjects:

MARC

LEADER 00000cam a2200000 7i4500
001 0000003372
005 20160330.0
008 070718
020 |a 983143563X 
090 0 0 |a FOO   |b ENG 
100 1 |a Foong, Priscilla 
245 1 0 |a Judge me not   |c Pricilla Foong 
260 |a Selangor :   |b Penerbit Mega Setia Emas ,   |c 2003 
440 |a Teen world short stories 
500 |a Teenager ages 13-18 years old (blue) 
650 0 |a Junior fiction   |x English   |x Languages 
999 |a 0000962735   |b Book   |c Children Collection   |e Cawangan Pontian 
999 |a 0000962736   |b Book   |c Children Collection   |e Cawangan Tangkak 
999 |a 0000962737   |b Book   |c Children Collection   |e Cawangan Pontian 
999 |a 0000962738   |b Book   |c Children Collection   |e Cawangan Pontian 
999 |a 0000962739   |b Book   |c Children Collection   |e Cawangan Pontian 
999 |a 0000987382   |b Book   |c Teenagers   |e Perbadanan Perpustakaan Awam Johor 
999 |a 0000987383   |b Book   |c Teenagers   |e Perbadanan Perpustakaan Awam Johor 
999 |a 0000987384   |b Book   |c Teenagers   |e Perbadanan Perpustakaan Awam Johor